[Event "SD-2012-0-00135"]
[Site "LSS email"]
[Date "2012.05.19"]
[Round "?"]
[White "Betts, Michael"]
[Black "Visser, Bob"]
[Result "1-0"]
[WhiteElo "1493"]
[BlackElo "1354"]
[PlyCount "29"]
[EventDate "2012.03.19"]
[EventType "tourn (corr)"]
[EventRounds "6"]
[EventCountry "GER"]
[SourceTitle "Corr 2015"]
[Source "ChessBase"]
[SourceDate "2015.07.17"]
[SourceVersion "1"]
[SourceVersionDate "2015.07.17"]
[SourceQuality "1"]

1. e4 d6 2. Nf3 Nf6 3. Nc3 g6 4. d4 Bg7 5. Bg5 0-0 6. Be2 c6 7. 0-0 Bg4 8. h3 Bxf3 9. Bxf3 e5 10. d5 c5 11. Qd3 a6 12. a4 Nbd7 13. a5 Qc7 14. Be2 h6 15. Be3 1-0

[Event "SD-2012-0-00135"]
[Site "LSS email"]
[Date "2012.05.19"]
[Round "?"]
[White "Urbaniak, Marcin"]
[Black "Visser, Bob"]
[Result "1-0"]
[WhiteElo "1707"]
[BlackElo "1354"]
[PlyCount "31"]
[EventDate "2012.03.19"]
[EventType "tourn (corr)"]
[EventRounds "6"]
[EventCountry "GER"]
[SourceTitle "Corr 2015"]
[Source "ChessBase"]
[SourceDate "2015.07.17"]
[SourceVersion "1"]
[SourceVersionDate "2015.07.17"]
[SourceQuality "1"]

1. e4 d6 2. d4 Nf6 3. Nc3 g6 4. Nf3 Bg7 5. Be2 Bg4 6. h3 Bxf3 7. Bxf3 e5 8. dxe5 dxe5 9. Qxd8+ Kxd8 10. Be3 c6 11. 0-0-0+ Kc7 12. g4 h6 13. Be2 Nbd7 14. Bc4 Rhf8 15. f3 Nb6 16. Bb3 1-0

[Event "SD-2012-0-00135"]
[Site "LSS email"]
[Date "2012.05.19"]
[Round "?"]
[White "Visser, Bob"]
[Black "Basson, Heinrich"]
[Result "0-1"]
[WhiteElo "1354"]
[BlackElo "1454"]
[PlyCount "34"]
[EventDate "2012.03.19"]
[EventType "tourn (corr)"]
[EventRounds "6"]
[EventCountry "GER"]
[SourceTitle "Corr 2015"]
[Source "ChessBase"]
[SourceDate "2015.07.17"]
[SourceVersion "1"]
[SourceVersionDate "2015.07.17"]
[SourceQuality "1"]

1. Nc3 e5 2. e4 Nc6 3. Nf3 Nf6 4. Bb5 Bc5 5. d3 0-0 6. 0-0 d6 7. Bg5 Bg4 8. Bxc6 bxc6 9. h3 Bh5 10. g4 Bg6 11. Nh4 h6 12. Bxf6 Qxf6 13. Nf5 a6 14. Ne2 Rab8 15. Rb1 d5 16. c3 Bxf5 17. exf5 Bd6 0-1

[Event "RD-2011-0-00062"]
[Site "LSS email"]
[Date "2012.01.07"]
[Round "?"]
[White "Visser, Bob"]
[Black "Richter, Klaus"]
[Result "0-1"]
[WhiteElo "1354"]
[BlackElo "1594"]
[PlyCount "60"]
[EventDate "2011.11.17"]
[EventType "tourn (corr)"]
[EventRounds "6"]
[EventCountry "GER"]
[SourceTitle "Telechess CBM 153"]
[Source "ChessBase"]
[SourceDate "2013.03.14"]
[SourceVersion "1"]
[SourceVersionDate "2013.03.14"]
[SourceQuality "1"]

1. d4 d5 2. c4 Nf6 3. cxd5 e6 4. dxe6 fxe6 5. Nf3 Be7 6. Bg5 c5 7. e3 cxd4 8. exd4 0-0 9. Be2 Qb6 10. Qb3 Qxb3 11. axb3 h6 12. Bh4 Nc6 13. 0-0 g5 14. Bg3 g4 15. Ne5 Nxd4 16. Bxg4 Nxg4 17. Nxg4 h5 18. Ne3 Nxb3 19. Ra2 b6 20. Rd1 Rd8 21. Rxd8+ Bxd8 22. Nc3 a5 23. Ra3 Nc1 24. Ra1 Nd3 25. Rd1 Ba6 26. Rd2 Rc8 27. Ned1 h4 28. Bd6 Bg5 29. Re2 Rc6 30. Be5 Nc5 0-1

[Event "SD-2011-0-00110"]
[Site "LSS email"]
[Date "2011.08.10"]
[Round "?"]
[White "Shapovalov, Dima"]
[Black "Visser, Bob"]
[Result "0-1"]
[WhiteElo "1787"]
[BlackElo "1354"]
[PlyCount "62"]
[EventDate "2011.07.05"]
[EventType "tourn (corr)"]
[EventRounds "6"]
[EventCountry "GER"]
[SourceTitle "Telechess CBM 153"]
[Source "ChessBase"]
[SourceDate "2013.03.14"]
[SourceVersion "1"]
[SourceVersionDate "2013.03.14"]
[SourceQuality "1"]

1. e4 c5 2. c3 d6 3. d4 Nf6 4. Bd3 cxd4 5. cxd4 g6 6. Nc3 Bg7 7. Nf3 0-0 8. h3 Nc6 9. 0-0 e5 10. d5 Ne7 11. Be3 Nh5 12. Qd2 f5 13. exf5 gxf5 14. Bh6 Ng6 15. Bxg7 Kxg7 16. Bc2 Nhf4 17. Ne2 Nxe2+ 18. Qxe2 Nf4 19. Qd2 Bd7 20. Kh2 Qf6 21. g3 Ng6 22. Rac1 Rac8 23. Qb4 b6 24. Ba4 b5 25. Bb3 e4 26. Nd4 f4 27. g4 Bxg4 28. Ne6+ Bxe6 29. dxe6 Rxc1 30. Rxc1 Qxb2 31. Rc7+ Kh6 0-1

[Event "RE-2011-0-00068"]
[Site "LSS email"]
[Date "2011.07.15"]
[Round "?"]
[White "Bokros, Csaba"]
[Black "Visser, Bob"]
[Result "0-1"]
[WhiteElo "1072"]
[BlackElo "1368"]
[PlyCount "80"]
[EventDate "2011.06.02"]
[EventType "tourn (corr)"]
[EventRounds "6"]
[EventCountry "GER"]
[SourceTitle "Telechess CBM 147"]
[Source "ChessBase"]
[SourceDate "2012.03.16"]
[SourceVersion "1"]
[SourceVersionDate "2012.03.16"]
[SourceQuality "1"]

1. e4 c5 2. Nf3 d6 3. Nc3 Nf6 4. d4 cxd4 5. Bb5+ Nc6 6. Nxd4 Bd7 7. Bg5 e6 8. 0-0 a6 9. Nxc6 Bxc6 10. Bxc6+ bxc6 11. e5 dxe5 12. Qf3 Qc7 13. Bxf6 gxf6 14. Rad1 Be7 15. a3 f5 16. Qd3 e4 17. Qe3 Rb8 18. b4 c5 19. bxc5 Qxc5 20. Qxc5 Bxc5 21. a4 Rb2 22. Rc1 e3 23. Kh1 exf2 24. Nd1 Ra2 25. Nxf2 Bxf2 26. Rxf2 Rxa4 27. Rd2 Ke7 28. Rcd1 Rc8 29. Rd7+ Kf6 30. R7d2 Rac4 31. Rc1 a5 32. h3 f4 33. Rf2 e5 34. g4 Kg5 35. Kg2 Rc3 36. Rf3 Rxc2+ 37. Rxc2 Rxc2+ 38. Kf1 e4 39. Ra3 f3 40. Rxa5+ Kf4 0-1

[Event "RE-2011-0-00068"]
[Site "LSS email"]
[Date "2011.07.15"]
[Round "?"]
[White "Visser, Bob"]
[Black "Basson, Heinrich"]
[Result "1/2-1/2"]
[WhiteElo "1368"]
[BlackElo "1335"]
[PlyCount "50"]
[EventDate "2011.06.02"]
[EventType "tourn (corr)"]
[EventRounds "6"]
[EventCountry "GER"]
[SourceTitle "Telechess CBM 151"]
[Source "ChessBase"]
[SourceDate "2012.11.13"]
[SourceVersion "1"]
[SourceVersionDate "2012.11.13"]
[SourceQuality "1"]

1. e4 c6 2. d4 d5 3. Nc3 e6 4. Nf3 Bb4 5. e5 Ne7 6. a3 Ba5 7. Bd2 0-0 8. b4 Bc7 9. Bd3 f6 10. 0-0 Nf5 11. exf6 Qxf6 12. Bg5 Qf7 13. Ne5 Qe8 14. Bf4 Nxd4 15. Bxh7+ Kxh7 16. Qxd4 Nd7 17. Rae1 Rf5 18. Qd3 Bxe5 19. Bxe5 Qg6 20. f4 Nxe5 21. Rxe5 Rxe5 22. Qxg6+ Kxg6 23. fxe5 b6 24. Rf3 Ba6 25. Kf2 Rh8 1/2-1/2

[Event "RE-2011-0-00068"]
[Site "LSS email"]
[Date "2011.07.15"]
[Round "?"]
[White "Visser, Bob"]
[Black "Molano Lafuente, Ismael"]
[Result "1-0"]
[WhiteElo "1368"]
[BlackElo "1283"]
[PlyCount "55"]
[EventDate "2011.06.02"]
[EventType "tourn (corr)"]
[EventRounds "6"]
[EventCountry "GER"]
[SourceTitle "Telechess CBM 151"]
[Source "ChessBase"]
[SourceDate "2012.11.13"]
[SourceVersion "1"]
[SourceVersionDate "2012.11.13"]
[SourceQuality "1"]

1. e4 c5 2. Nc3 Nc6 3. f4 e6 4. Nf3 Nf6 5. e5 Nd5 6. Nxd5 exd5 7. d4 d6 8. c3 cxd4 9. cxd4 dxe5 10. dxe5 Bg4 11. Qb3 Bb4+ 12. Bd2 Qa5 13. Bxb4 Nxb4 14. Kf2 0-0 15. Be2 Rfd8 16. a3 Qb6+ 17. Kg3 Bxf3 18. Kxf3 Nc6 19. Qxb6 axb6 20. Rhd1 Ra4 21. Bd3 f6 22. exf6 gxf6 23. Rac1 Kg7 24. g4 Nd4+ 25. Kg3 Rd7 26. h3 b5 27. Bf1 h5 28. Rc5 1-0

[Event "RE-2011-0-00068"]
[Site "LSS email"]
[Date "2011.07.15"]
[Round "?"]
[White "Visser, Bob"]
[Black "Pons, Francisco"]
[Result "1-0"]
[WhiteElo "1368"]
[BlackElo "1189"]
[PlyCount "79"]
[EventDate "2011.06.02"]
[EventType "tourn (corr)"]
[EventRounds "6"]
[EventCountry "GER"]
[SourceTitle "Telechess CBM 147"]
[Source "ChessBase"]
[SourceDate "2012.03.16"]
[SourceVersion "1"]
[SourceVersionDate "2012.03.16"]
[SourceQuality "1"]

1. e4 c5 2. Nf3 Nc6 3. d4 cxd4 4. Nxd4 Nf6 5. Nc3 e5 6. Ndb5 d6 7. Bg5 Be7 8. Bxf6 gxf6 9. Nd5 0-0 10. Nxe7+ Qxe7 11. Qxd6 Qxd6 12. Nxd6 Be6 13. Nxb7 Rab8 14. Nc5 Rxb2 15. Nxe6 fxe6 16. Bd3 Nd4 17. Kd2 Rc8 18. Rhc1 f5 19. f3 f4 20. Kd1 h5 21. Rcb1 Rcb8 22. Rxb2 Rxb2 23. Kc1 Rb7 24. c3 Nc6 25. Rb1 Rd7 26. Bb5 Rc7 27. Bxc6 Rxc6 28. Rb8+ Kf7 29. Kc2 Ra6 30. Rb2 h4 31. h3 Kf6 32. c4 Ra3 33. Kb1 Ra6 34. Rb7 Ra4 35. c5 a5 36. Rb5 Rd4 37. Kc2 Ra4 38. Kb3 Rd4 39. Rxa5 Rd2 40. c6 1-0

[Event "RE-2011-0-00066"]
[Site "LSS email"]
[Date "2011.06.24"]
[Round "?"]
[White "Laureles, Raymundo"]
[Black "Visser, Bob"]
[Result "1/2-1/2"]
[WhiteElo "1103"]
[BlackElo "1368"]
[PlyCount "87"]
[EventDate "2011.04.29"]
[EventType "tourn (corr)"]
[EventRounds "6"]
[EventCountry "GER"]
[SourceTitle "Telechess CBM 147"]
[Source "ChessBase"]
[SourceDate "2012.03.16"]
[SourceVersion "1"]
[SourceVersionDate "2012.03.16"]
[SourceQuality "1"]

1. e4 e5 2. Nf3 Nc6 3. Bb5 a6 4. Bxc6 dxc6 5. 0-0 Bg4 6. h3 h5 7. d3 Qf6 8. Nbd2 Ne7 9. b3 Ng6 10. Bb2 0-0-0 11. Re1 Bc5 12. Bc3 Rhe8 13. Qe2 Nf4 14. Qf1 Bd7 15. Kh1 g5 16. Nc4 Ng6 17. Nfxe5 Nxe5 18. Nxe5 Rxe5 19. d4 Ree8 20. e5 Qf4 21. dxc5 Bxh3 22. Rad1 Bf5 23. Qe2 Rxd1 24. Rxd1 g4 25. Qd2 Qe4 26. Qd3 Qxe5 27. Qd8+ Rxd8 28. Rxd8+ Kxd8 29. Bxe5 Bxc2 30. b4 Kd7 31. g3 Ke6 32. Bxc7 Kd5 33. Kg2 Kc4 34. Ba5 Bb1 35. a3 Be4+ 36. Kf1 Kb3 37. Ke2 Kxa3 38. Ke3 Bf3 39. Kf4 Kb3 40. Kg5 Kc2 41. Kxh5 Kd3 42. Kg5 Ke2 43. Kf4 Kxf2 44. Bc7 1/2-1/2

[Event "RE-2011-0-00066"]
[Site "LSS email"]
[Date "2011.06.24"]
[Round "?"]
[White "Visser, Bob"]
[Black "Lewis, Jerome A"]
[Result "1-0"]
[WhiteElo "1368"]
[BlackElo "1038"]
[PlyCount "89"]
[EventDate "2011.04.29"]
[EventType "tourn (corr)"]
[EventRounds "6"]
[EventCountry "GER"]
[SourceTitle "Telechess CBM 147"]
[Source "ChessBase"]
[SourceDate "2012.03.16"]
[SourceVersion "1"]
[SourceVersionDate "2012.03.16"]
[SourceQuality "1"]

1. e4 e6 2. d4 d5 3. Nc3 Bb4 4. e5 c5 5. a3 Bxc3+ 6. bxc3 Qa5 7. Bd2 Qa4 8. Qg4 g6 9. Kd1 Nc6 10. Nf3 c4 11. Qh4 h6 12. Be2 Bd7 13. g4 Qa5 14. Ke1 Nge7 15. Qf6 Rh7 16. Kf1 0-0-0 17. Kg2 Rg8 18. h4 Rgh8 19. Qf4 g5 20. hxg5 Ng6 21. Qf6 hxg5 22. Rxh7 Rxh7 23. Nxg5 Nxd4 24. Nxh7 Nxe2 25. Re1 Nef4+ 26. Bxf4 Qxc3 27. Re2 d4 28. Bd2 Qxc2 29. Qxf7 Qd3 30. Ba5 b6 31. Nf8 Bc6+ 32. Kh2 Nxf8 33. Qxf8+ Kb7 34. Qf7+ Ka6 35. Re1 c3 36. Bb4 Qd2 37. Rg1 Qg5 38. Qf6 Qd2 39. g5 Qe2 40. g6 c2 41. g7 Bf3 42. g8Q Qxf2+ 43. Kh3 Bg2+ 44. Qxg2 Qxg2+ 45. Kxg2 1-0

[Event "ZL-2011-0-00918"]
[Site "LSS email"]
[Date "2011.05.17"]
[Round "?"]
[White "Visser, Bob"]
[Black "Molano Lafuente, Ismael"]
[Result "0-1"]
[WhiteElo "1361"]
[BlackElo "1332"]
[PlyCount "31"]
[EventDate "2011.05.14"]
[EventType "match (corr)"]
[EventRounds "2"]
[EventCountry "GER"]
[SourceTitle "Corr 2013"]
[Source "ChessBase"]
[SourceDate "2012.11.12"]
[SourceVersion "1"]
[SourceVersionDate "2012.11.12"]
[SourceQuality "1"]

1. d4 f5 2. Bg5 h6 3. Bh4 c5 4. e4 Qb6 5. Nd2 cxd4 6. exf5 Qxb2 7. Qh5+ Kd8 8. Rb1 Qxc2 9. Ngf3 Nc6 10. Bb5 Nf6 11. Bxf6 gxf6 12. 0-0 Qxa2 13. Bxc6 bxc6 14. Nxd4 Qd5 15. N2f3 e5 16. fxe6 0-1

[Event "RD-2011-0-00051"]
[Site "LSS email"]
[Date "2011.04.20"]
[Round "?"]
[White "Richter, Klaus"]
[Black "Visser, Bob"]
[Result "1-0"]
[WhiteElo "1508"]
[BlackElo "1368"]
[PlyCount "21"]
[EventDate "2011.02.07"]
[EventType "tourn (corr)"]
[EventRounds "6"]
[EventCountry "GER"]
[SourceTitle "Corr 2015"]
[Source "ChessBase"]
[SourceDate "2015.07.17"]
[SourceVersion "1"]
[SourceVersionDate "2015.07.17"]
[SourceQuality "1"]

1. d4 Nf6 2. f3 d5 3. e4 dxe4 4. Nc3 Bf5 5. g4 Bg6 6. g5 Nd5 7. Nxe4 e6 8. h4 Bd6 9. h5 Bxe4 10. fxe4 Bg3+ 11. Ke2 1-0

[Event "LSS RD-2010-0-00047"]
[Site "LSS email"]
[Date "2011.02.08"]
[Round "?"]
[White "Visser, Bob"]
[Black "Richter, Klaus"]
[Result "0-1"]
[WhiteElo "1362"]
[BlackElo "1547"]
[PlyCount "80"]
[EventDate "2010.12.17"]
[EventType "tourn (corr)"]
[EventRounds "6"]
[EventCountry "GER"]
[SourceTitle "Telechess CBM 145"]
[Source "Chessbase"]
[SourceDate "2011.11.11"]
[SourceVersion "1"]
[SourceVersionDate "2011.11.11"]
[SourceQuality "1"]

1. c4 e5 2. Nc3 Nf6 3. Nf3 Nc6 4. g3 d5 5. cxd5 Nxd5 6. Bg2 Nb6 7. 0-0 Bg4 8. h3 Bxf3 9. Bxf3 Qd7 10. Bg2 Be7 11. d3 0-0 12. Be3 Rad8 13. Bxb6 axb6 14. Qa4 Nd4 15. Qxd7 Rxd7 16. Rfc1 c6 17. Kf1 Ra8 18. e3 Ne6 19. Ke2 Nc5 20. Rd1 Rad8 21. Be4 g6 22. g4 Kg7 23. Rab1 b5 24. b4 Nxe4 25. Nxe4 f5 26. gxf5 gxf5 27. Nc5 Bxc5 28. bxc5 Rd5 29. Rbc1 Ra8 30. Rc2 Ra3 31. Rdd2 Kf6 32. f4 exf4 33. exf4 h5 34. Ke3 Rd8 35. Rb2 Rg8 36. Rg2 Re8+ 37. Kd2 h4 38. Re2 Rea8 39. Ke3 Rg8 40. Rf2 Rg3+ 0-1

[Event "LSS No Engine Cup 12 Final"]
[Site "LSS email"]
[Date "2010.07.04"]
[Round "?"]
[White "Visser, Bob"]
[Black "Gonen, Barak"]
[Result "1-0"]
[WhiteElo "1426"]
[BlackElo "1528"]
[PlyCount "73"]
[EventDate "2010.07.05"]
[EventType "tourn (corr)"]
[EventRounds "6"]
[EventCountry "GER"]
[SourceTitle "Telechess CBM 145"]
[Source "Chessbase"]
[SourceDate "2011.11.11"]
[SourceVersion "1"]
[SourceVersionDate "2011.11.11"]
[SourceQuality "1"]

1. e4 e5 2. Nf3 Nc6 3. Bb5 Bc5 4. c3 Bb6 5. d4 Nf6 6. Qe2 exd4 7. e5 0-0 8. cxd4 Re8 9. Be3 Ng4 10. 0-0 d6 11. Rd1 Nxe3 12. fxe3 Bg4 13. Nc3 dxe5 14. dxe5 Qg5 15. Nxg5 Bxe2 16. Nxe2 Bxe3+ 17. Kf1 Bxg5 18. Bxc6 bxc6 19. Rd7 Rxe5 20. Rxc7 Rf5+ 21. Kg1 Be3+ 22. Kh1 Rf2 23. Nc3 Rxb2 24. Rxc6 Rc2 25. Nd5 Rxc6 26. Ne7+ Kf8 27. Nxc6 Rc8 28. Nb4 f5 29. g3 g5 30. Rf1 Rc1 31. Kg2 Rxf1 32. Kxf1 Kf7 33. h3 Bc5 34. Nd3 Bd6 35. g4 h5 36. gxh5 Kg7 37. Kg2 1-0

[Event "LSS RD-2009-0-00031"]
[Site "LSS email"]
[Date "2010.05.20"]
[Round "?"]
[White "Jara, Julio Cesar"]
[Black "Visser, Bob"]
[Result "1-0"]
[WhiteElo "1632"]
[BlackElo "1408"]
[PlyCount "39"]
[EventDate "2009.10.31"]
[EventType "tourn (corr)"]
[EventRounds "6"]
[EventCountry "GER"]
[SourceTitle "Telechess CBM 147"]
[Source "ChessBase"]
[SourceDate "2012.03.16"]
[SourceVersion "1"]
[SourceVersionDate "2012.03.16"]
[SourceQuality "1"]

1. d4 Nf6 2. c4 c5 3. d5 b5 4. Nf3 g6 5. cxb5 a6 6. b6 Qxb6 7. Nc3 d6 8. e4 Bg4 9. Be2 Bxf3 10. Bxf3 Nbd7 11. 0-0 Bg7 12. Rb1 0-0 13. Be2 Rfb8 14. Bg5 h6 15. Bf4 Qb4 16. Qc2 c4 17. Be3 Rc8 18. f4 Nc5 19. e5 Ne8 20. f5 1-0

[Event "LSS RD-2009-0-00031"]
[Site "LSS email"]
[Date "2010.05.20"]
[Round "?"]
[White "Kappel, Ray D"]
[Black "Visser, Bob"]
[Result "1-0"]
[WhiteElo "1541"]
[BlackElo "1420"]
[PlyCount "41"]
[EventDate "2009.10.31"]
[EventType "tourn (corr)"]
[EventRounds "6"]
[EventCountry "GER"]
[SourceTitle "Corr 2013"]
[Source "ChessBase"]
[SourceDate "2012.11.12"]
[SourceVersion "1"]
[SourceVersionDate "2012.11.12"]
[SourceQuality "1"]

1. b4 e5 2. Bb2 d6 3. c4 Nf6 4. Nf3 Bg4 5. d3 Nbd7 6. e3 Be7 7. Be2 0-0 8. 0-0 a5 9. b5 Re8 10. h3 Bxf3 11. Bxf3 Qc8 12. Nc3 c6 13. Rb1 Bf8 14. bxc6 bxc6 15. Qa4 Ra6 16. Ba3 Qc7 17. Rb2 Rb8 18. Rxb8 Nxb8 19. d4 exd4 20. exd4 Qa7 21. Rd1 1-0

[Event "LSS RD-2009-0-00031"]
[Site "LSS email"]
[Date "2010.05.20"]
[Round "?"]
[White "Visser, Bob"]
[Black "Richter, Klaus"]
[Result "0-1"]
[WhiteElo "1408"]
[BlackElo "1475"]
[PlyCount "40"]
[EventDate "2009.10.31"]
[EventType "tourn (corr)"]
[EventRounds "6"]
[EventCountry "GER"]
[SourceTitle "Telechess CBM 147"]
[Source "ChessBase"]
[SourceDate "2012.03.16"]
[SourceVersion "1"]
[SourceVersionDate "2012.03.16"]
[SourceQuality "1"]

1. e4 e5 2. Nf3 Nc6 3. Bc4 Nf6 4. Ng5 d5 5. exd5 Na5 6. Bb5+ c6 7. dxc6 bxc6 8. Be2 h6 9. Nf3 e4 10. Ne5 Bd6 11. d4 exd3 12. Nxd3 0-0 13. Bf4 Bxf4 14. Nxf4 Qc7 15. Qc1 g5 16. Nd3 Re8 17. Nc3 Nd5 18. Nxd5 cxd5 19. Kf1 Bf5 20. h4 Rac8 0-1

[Event "LSS SD-2009-0-00048"]
[Site "LSS email"]
[Date "2010.01.15"]
[Round "?"]
[White "Senis, Enrico"]
[Black "Visser, Bob"]
[Result "0-1"]
[WhiteElo "1389"]
[BlackElo "1419"]
[PlyCount "25"]
[EventDate "2009.12.14"]
[EventType "tourn (corr)"]
[EventRounds "6"]
[EventCountry "GER"]
[SourceTitle "Corr 2013"]
[Source "ChessBase"]
[SourceDate "2012.11.12"]
[SourceVersion "1"]
[SourceVersionDate "2012.11.12"]
[SourceQuality "1"]
[WhiteTeam "US of America"]
[BlackTeam "US of America"]
[WhiteTeamCountry "USA"]
[BlackTeamCountry "USA"]

1. e4 c6 2. d4 d5 3. Nc3 dxe4 4. Nxe4 Nd7 5. Ng5 Ngf6 6. Bd3 e6 7. N1f3 Bd6 8. Qe2 h6 9. Ne4 Nxe4 10. Qxe4 Qc7 11. Qg4 Kf8 12. 0-0 Nf6 13. Qh4 0-1

[Event "LSS SD-2009-0-00048"]
[Site "LSS email"]
[Date "2010.01.15"]
[Round "?"]
[White "Visser, Bob"]
[Black "Hermansen, Rune"]
[Result "1-0"]
[WhiteElo "1419"]
[BlackElo "1229"]
[PlyCount "51"]
[EventDate "2009.12.14"]
[EventType "tourn (corr)"]
[EventRounds "6"]
[EventCountry "GER"]
[SourceTitle "Corr 2013"]
[Source "ChessBase"]
[SourceDate "2012.11.12"]
[SourceVersion "1"]
[SourceVersionDate "2012.11.12"]
[SourceQuality "1"]
[WhiteTeam "US of America"]
[BlackTeam "US of America"]
[WhiteTeamCountry "USA"]
[BlackTeamCountry "USA"]

1. d4 d5 2. c4 e6 3. Nf3 c5 4. cxd5 exd5 5. Nc3 Nf6 6. g3 cxd4 7. Nxd4 Bc5 8. Bg2 0-0 9. 0-0 Nc6 10. Nb3 Bb6 11. Nxd5 Nxd5 12. Bxd5 Bh3 13. Bg2 Bxg2 14. Kxg2 Qf6 15. e4 Rad8 16. Qf3 Qg6 17. Bf4 h5 18. Rfd1 Qf6 19. Qc3 Qg6 20. f3 Rfe8 21. Nc5 Rc8 22. Rd6 Qh7 23. Rc1 Ne7 24. Qb4 Nc6 25. Qb5 Bc7 26. Nxb7 1-0

[Event "LSS ZI-2009-0-00606"]
[Site "LSS email"]
[Date "2009.12.16"]
[Round "?"]
[White "Visser, Bob"]
[Black "Windheim, Charles"]
[Result "0-1"]
[WhiteElo "1440"]
[BlackElo "1774"]
[PlyCount "60"]
[EventDate "2009.12.13"]
[EventType "match (corr)"]
[EventRounds "2"]
[EventCountry "GER"]
[SourceTitle "Corr 2013"]
[Source "ChessBase"]
[SourceDate "2012.11.12"]
[SourceVersion "1"]
[SourceVersionDate "2012.11.12"]
[SourceQuality "1"]

1. e4 c5 2. Nf3 g6 3. d4 cxd4 4. Nxd4 Nc6 5. Be3 Nf6 6. Nc3 Bg7 7. Bc4 0-0 8. Bb3 a5 9. f3 d5 10. exd5 Nb4 11. Nde2 a4 12. Nxa4 Nfxd5 13. Bd2 b5 14. Nac3 Be6 15. 0-0 Qb6+ 16. Kh1 Nxc3 17. Bxc3 Bxb3 18. axb3 Rxa1 19. Qxa1 Nxc2 20. Qc1 Ne3 21. Bxg7 Kxg7 22. Qc3+ Kg8 23. Rc1 Rd8 24. Qe5 Nd1 25. h3 Qe3 26. Qxe3 Nxe3 27. Rc3 Nf5 28. Rc5 Rd1+ 29. Kh2 Rd2 30. Nc3 f6 0-1

[Event "LSS ZI-2009-0-00604"]
[Site "LSS email"]
[Date "2009.12.14"]
[Round "?"]
[White "Bontems, Cyrille"]
[Black "Visser, Bob"]
[Result "1-0"]
[WhiteElo "1504"]
[BlackElo "1431"]
[PlyCount "53"]
[EventDate "2009.12.12"]
[EventType "match (corr)"]
[EventRounds "2"]
[EventCountry "GER"]
[SourceTitle "Corr 2013"]
[Source "ChessBase"]
[SourceDate "2012.11.12"]
[SourceVersion "1"]
[SourceVersionDate "2012.11.12"]
[SourceQuality "1"]

1. e4 c5 2. Nf3 d6 3. d4 cxd4 4. Nxd4 Nf6 5. Nc3 g6 6. Be3 Bg7 7. f3 0-0 8. Qd2 Nc6 9. Bc4 Bd7 10. Bb3 Qa5 11. 0-0-0 Rfc8 12. h4 Ne5 13. Kb1 h5 14. Bg5 Qd8 15. g4 hxg4 16. h5 Nxh5 17. Nd5 Nf6 18. Qh2 gxf3 19. Nxf3 Nxf3 20. Nxf6+ exf6 21. Qh7+ Kf8 22. Bh6 Ke7 23. Bxg7 Qg8 24. Qh6 Rc6 25. Rhf1 Bg4 26. Rd3 Ne5 27. Bxf6+ 1-0

[Event "LSS No Engine Cup 12 Preliminary 6"]
[Site "LSS email"]
[Date "2009.12.11"]
[Round "?"]
[White "Traczewski, Wojciech"]
[Black "Visser, Bob"]
[Result "0-1"]
[WhiteElo "1586"]
[BlackElo "1440"]
[PlyCount "68"]
[EventDate "2009.12.12"]
[EventType "tourn (corr)"]
[EventRounds "6"]
[EventCountry "GER"]
[SourceTitle "Corr 2013"]
[Source "ChessBase"]
[SourceDate "2012.11.12"]
[SourceVersion "1"]
[SourceVersionDate "2012.11.12"]
[SourceQuality "1"]

1. e4 c5 2. d4 cxd4 3. c3 dxc3 4. Nxc3 d6 5. Bc4 e6 6. Nf3 Nf6 7. Qe2 Nc6 8. 0-0 Be7 9. Rd1 Qc7 10. Nb5 Qb8 11. Bg5 a6 12. Bxf6 gxf6 13. Nbd4 Bd7 14. Nxc6 Bxc6 15. Nd4 Qc7 16. Nxc6 Qxc6 17. Rac1 Qd7 18. Qg4 Bf8 19. Rc2 b5 20. Bb3 Rc8 21. Rdc1 Rxc2 22. Rxc2 h5 23. Qd1 Be7 24. Qc1 Bd8 25. Rc8 a5 26. Qc6 Qxc6 27. Rxc6 Kd7 28. Rc1 Bb6 29. a4 b4 30. Kf1 h4 31. f4 Bd4 32. Rc2 Rg8 33. Ba2 Rg4 34. Rc4 Rxf4+ 0-1

[Event "LSS ZI-2009-0-00594"]
[Site "LSS email"]
[Date "2009.12.07"]
[Round "?"]
[White "Lauer, Fredric"]
[Black "Visser, Bob"]
[Result "0-1"]
[WhiteElo "1352"]
[BlackElo "1456"]
[PlyCount "76"]
[EventDate "2009.12.04"]
[EventType "match (corr)"]
[EventRounds "2"]
[EventCountry "GER"]
[SourceTitle "Corr 2013"]
[Source "ChessBase"]
[SourceDate "2012.11.12"]
[SourceVersion "1"]
[SourceVersionDate "2012.11.12"]
[SourceQuality "1"]

1. e4 d6 2. d4 Nf6 3. Nc3 g6 4. f4 Bg7 5. e5 Nfd7 6. Nf3 c5 7. exd6 0-0 8. Be3 exd6 9. Qd2 Nc6 10. 0-0-0 Qa5 11. Bb5 Nb6 12. Bxc6 bxc6 13. Qe1 Nc4 14. Nd2 Nxe3 15. Nb3 Nxg2 16. Nxa5 Nxe1 17. Rdxe1 cxd4 18. Ne4 c5 19. Nxd6 Be6 20. Rhg1 Bh6 21. Rgf1 Rab8 22. a3 Rb6 23. Ndc4 Ra6 24. Kd2 Bg7 25. b3 Rb8 26. Rb1 Rb5 27. b4 cxb4 28. axb4 Bf8 29. c3 dxc3+ 30. Kxc3 Bg7+ 31. Kd2 Rd5+ 32. Ke3 Bf5 33. Rbd1 Re6+ 34. Kf3 Be4+ 35. Kg3 Bc3 36. Rxd5 Bxd5 37. Rb1 Re4 38. Nd6 Be1+ 0-1